[Event "3rd Asia-ch"]
[Site "Kolkata IND"]
[Date "2001.08.10"]
[Round "2"]
[White "Mishra, Neeraj Kumar"]
[Black "Iuldachev, Saidali"]
[Result "1/2-1/2"]
[WhiteElo "2293"]
[BlackElo "2508"]
[EventDate "2001.08.09"]
[PlyCount "178"]

1.d4 Nf6 2.c4 d6 3.Nc3 Nbd7 4.Nf3 c6 5.g3 e5 6.Bg2 Be7 7.O-O O-O 8.b3 Re8 
9.Qc2 Bf8 10.e3 a6 11.Bb2 e4 12.Ng5 d5 13.a4 Bb4 14.Nh3 Nf8 15.Ba3 Bxc3 
16.Qxc3 Bg4 17.Kh1 Ne6 18.cxd5 Qxd5 19.Ng1 Qh5 20.f3 exf3 21.Nxf3 Bh3 22.
Ra2 Ng5 23.Nxg5 Bxg2+ 24.Rxg2 Qxg5 25.Bc1 Nd5 26.Qd3 Qg6 27.Qxg6 hxg6 28.
Rf3 Re4 29.Kg1 Rae8 30.Kf2 g5 31.g4 b5 32.a5 f6 33.Bd2 Kf7 34.Rg1 Ke6 35.
Ke2 Nf4+ 36.Kf2 Nd5 37.Ke2 Kd6 38.Kd3 c5 39.dxc5+ Kxc5 40.Rc1+ Kd6 41.h3 
R4e6 42.Kd4 Re4+ 43.Kd3 R4e6 44.Kd4 Nc7 45.Kd3 Kd7 46.Bb4 Rc6 47.Bc5 Ne6 
48.Rf5 Rh8 49.Rd5+ Kc8 50.Ba3 Rxc1 51.Bxc1 Rxh3 52.Ke4 Rh1 53.Ba3 Rb1 54.
Rd3 Nd8 55.Bf8 Rg1 56.Bxg7 Rxg4+ 57.Kf5 Rg3 58.Bxf6 Rf3+ 59.Kxg5 Ne6+ 60.
Kg4 Rxf6 61.Rd6 Kb7 62.Rb6+ Kc7 63.Rxa6 Rg6+ 64.Kf5 Rg5+ 65.Kf6 Nc5 66.
Ra7+ Kb8 67.Rh7 Rd5 68.b4 Nd3 69.e4 Rd6+ 70.Kf5 Nxb4 71.e5 Rd1 72.e6 Re1 
73.e7 Kc8 74.Rh8+ Kd7 75.Rb8 Nc6 76.Rb7+ Kc8 77.a6 Nxe7+ 78.Kg5 Re5+ 79.
Kf6 Nc6 80.Rb6 Rc5 81.Ke6 Nd4+ 82.Kd6 Rc7 83.Kd5 Ne2 84.Rc6 Nc3+ 85.Kc5 
Rxc6+ 86.Kxc6 Kb8 87.Kc5 Ka7 88.Kb4 Kxa6 89.Kxc3 Ka5 1/2-1/2

[Event "3rd Asia-ch"]
[Site "Kolkata IND"]
[Date "2001.08.10"]
[Round "2"]
[White "Murshed, Niaz"]
[Black "Roghani, Arash"]
[Result "1/2-1/2"]
[WhiteElo "2453"]
[BlackElo "2294"]
[EventDate "2001.08.09"]
[PlyCount "76"]

1.d4 Nf6 2.Nf3 d5 3.c4 e6 4.Nc3 c5 5.e3 Nc6 6.cxd5 exd5 7.Be2 cxd4 8.exd4 
Bd6 9.Bg5 Be6 10.O-O h6 11.Bh4 O-O 12.Re1 Rc8 13.a3 a6 14.Rc1 Re8 15.Bd3 
Bf4 16.Rc2 g5 17.Ne2 Bxh2+ 18.Nxh2 gxh4 19.Qc1 Kg7 20.Nf3 Nh5 21.Nf4 Nxf4 
22.Qxf4 Qf6 23.Qe3 Bf5 24.Ne5 Bxd3 25.Qxd3 Nxe5 26.dxe5 Rxe5 27.Rxe5 Rxc2 
28.Rf5 Rc1+ 29.Kh2 Qd6+ 30.f4 Qb6 31.Qxd5 Qg6 32.Qd3 b5 33.Qd4+ Kg8 34.
Qd8+ Kh7 35.Qd3 Rc7 36.Rd5 Qxd3 37.Rxd3 Rc2 38.b4 Rf2 1/2-1/2

[Event "3rd Asia-ch"]
[Site "Kolkata IND"]
[Date "2001.08.10"]
[Round "2"]
[White "Nolte, Rolando"]
[Black "Liang Jinrong"]
[Result "1/2-1/2"]
[WhiteElo "2324"]
[BlackElo "2510"]
[EventDate "2001.08.09"]
[PlyCount "117"]

1.e4 c5 2.Nf3 e6 3.d4 cxd4 4.Nxd4 Nc6 5.Nc3 a6 6.Be3 Nf6 7.Bd3 Qc7 8.O-O 
Ne5 9.h3 Bc5 10.Na4 Ba7 11.c4 d6 12.Rc1 Bd7 13.Nc3 O-O 14.b3 Qa5 15.Bb1 b5
16.cxb5 axb5 17.Qd2 Bc5 18.Nde2 Ba3 19.Rce1 Bb4 20.Bd4 Bc6 21.f4 Ned7 22.
e5 Ne4 23.Qe3 f5 24.exd6 Ndf6 25.Rd1 Nxd6 26.Bc5 Nde4 27.Nxe4 Bxe4 28.Bxf8
Rxf8 29.Bxe4 Nxe4 30.Kh2 Bc5 31.Qc1 Ra8 32.Ng3 Nc3 33.Rd7 b4 34.Qe1 Qb6 
35.Qe5 Bf8 36.Nh5 Ra7 37.Rxa7 Qxa7 38.Qxe6+ Qf7 39.Qxf7+ Kxf7 40.Rf2 Bc5 
41.Rc2 Bd6 42.g4 g6 43.Ng3 Bxf4 44.Kg2 Ke6 45.Ne2 Be5 46.Nxc3 bxc3 47.Kf3 
Kd5 48.Ke3 f4+ 49.Kd3 Bd4 50.Re2 f3 51.Re7 Bf6 52.Re3 f2 53.Rf3 Bd4 54.a4 
c2 55.Kxc2 Ke4 56.Rf7 Ke3 57.Kd1 Bc5 58.h4 Bb4 59.h5 1/2-1/2

[Event "3rd Asia-ch"]
[Site "Kolkata IND"]
[Date "2001.08.10"]
[Round "2"]
[White "Paragua, Mark"]
[Black "Liang Chong"]
[Result "1-0"]
[WhiteElo "2444"]
[BlackElo "2556"]
[EventDate "2001.08.09"]
[PlyCount "57"]

1.e4 c6 2.d3 d5 3.Nd2 e5 4.Ngf3 Bd6 5.g3 Nf6 6.Bg2 O-O 7.O-O Nbd7 8.b3 Re8
9.Bb2 Nf8 10.h3 Ng6 11.Re1 Bc7 12.exd5 cxd5 13.c4 Bf5 14.cxd5 Bxd3 15.Nc4 
e4 16.Nfd2 b5 17.d6 bxc4 18.dxc7 Qxc7 19.Bxf6 gxf6 20.Nxe4 Bxe4 21.Bxe4 
Rad8 22.Qf3 cxb3 23.axb3 Qe5 24.Kg2 Qd4 25.h4 Qb6 26.h5 Nf8 27.Bd5 Qd4 28.
Rxe8 Rxe8 29.Ra4 1-0

[Event "3rd Asia-ch"]
[Site "Kolkata IND"]
[Date "2001.08.10"]
[Round "2"]
[White "Peng Xiaomin"]
[Black "Moradiabadi, Elshan"]
[Result "1-0"]
[WhiteElo "2629"]
[BlackElo "2404"]
[EventDate "2001.08.09"]
[PlyCount "82"]

1.e4 c5 2.Nf3 e6 3.Nc3 a6 4.d4 cxd4 5.Nxd4 Qc7 6.Bd3 Nc6 7.Nxc6 dxc6 8.O-O
Nf6 9.f4 e5 10.Kh1 Bd6 11.f5 b5 12.a4 Rb8 13.Be3 Be7 14.Qe2 Bb7 15.b3 Rd8 
16.Rf3 h5 17.Rh3 Ng4 18.Bg1 Rh6 19.Qf3 Qa5 20.Nd1 Qe1 21.Qg3 Qxg3 22.Rxg3 
Rhd6 23.Nc3 Kf8 24.Rf1 R6d7 25.Rh3 Nf6 26.Bb6 Rb8 27.Be3 Rbd8 28.Bg5 Ng4 
29.Rxh5 f6 30.Rh8+ Kf7 31.Rxd8 Rxd8 32.Bc1 Bc5 33.Nd1 Nh6 34.h3 Ng8 35.g4 
Ne7 36.Kg2 Bb6 37.h4 c5 38.axb5 axb5 39.Be3 Kf8 40.Nc3 b4 41.Na4 Ba7 1-0

[Event "3rd Asia-ch"]
[Site "Kolkata IND"]
[Date "2001.08.10"]
[Round "2"]
[White "Peires, T. D. R."]
[Black "Odeev, Handszar"]
[Result "1/2-1/2"]
[WhiteElo "2151"]
[BlackElo "2479"]
[EventDate "2001.08.09"]
[PlyCount "95"]

1.e4 c5 2.Nf3 d6 3.d4 cxd4 4.Nxd4 Nf6 5.Nc3 a6 6.Be2 Nbd7 7.Be3 Nc5 8.f3 
e6 9.Qd2 Qc7 10.Nb3 Be7 11.O-O b6 12.Rad1 Bb7 13.Kh1 O-O 14.Qe1 d5 15.exd5
Nxb3 16.axb3 Nxd5 17.Nxd5 Bxd5 18.Bd3 Bf6 19.Qf2 Rfb8 20.c4 Bc6 21.Bb1 a5 
22.Bd4 Bxd4 23.Rxd4 Rd8 24.Rfd1 g6 25.Qh4 Rxd4 26.Qxd4 e5 27.Qd6 Qxd6 28.
Rxd6 Rc8 29.Kg1 f5 30.Re6 Kf7 31.Rxe5 Rd8 32.Kf2 Kf6 33.Re3 Rd2+ 34.Re2 
Rd1 35.Bc2 Rd8 36.f4 Rd4 37.g3 Rd6 38.Ke3 Re6+ 39.Kd2 Rxe2+ 40.Kxe2 Ke6 
41.Ke3 Kd6 42.Kd4 Bf3 43.Bd3 Bd1 44.Kc3 Bf3 45.Bf1 Bd1 46.Bd3 Bf3 47.Bf1 
Bd1 48.Bd3 1/2-1/2

[Event "3rd Asia-ch"]
[Site "Kolkata IND"]
[Date "2001.08.10"]
[Round "2"]
[White "Prasad, Devaki"]
[Black "Utut Adianto"]
[Result "1-0"]
[WhiteElo "2440"]
[BlackElo "2598"]
[EventDate "2001.08.09"]
[PlyCount "81"]

1.e4 d5 2.exd5 Nf6 3.d4 Nxd5 4.Nf3 g6 5.h3 Bg7 6.c4 Nb6 7.Nc3 O-O 8.Be3 
Nc6 9.Qd2 e5 10.d5 Ne7 11.g4 f5 12.O-O-O e4 13.Ng5 h6 14.Ne6 Bxe6 15.dxe6 
Qxd2+ 16.Rxd2 Bxc3 17.bxc3 f4 18.Bc5 Rfe8 19.Rd7 Nc6 20.Rxc7 Rxe6 21.Rxb7 
Rd8 22.Bxb6 axb6 23.c5 Ne5 24.Rxb6 Re7 25.Bb5 Rd5 26.c6 Kf7 27.Re1 e3 28.
fxe3 f3 29.Rf1 Rc5 30.Kc2 Kf6 31.Kb3 Kg5 32.e4 Kf4 33.Kb4 Rxb5+ 34.Kxb5 
Ke3 35.Kc5 Ra7 36.Rb7 Ra5+ 37.Kd6 Nc4+ 38.Ke7 Re5+ 39.Kd7 Nd2 40.Rxf3+ 
Nxf3 41.c7 1-0

[Event "3rd Asia-ch"]
[Site "Kolkata IND"]
[Date "2001.08.10"]
[Round "2"]
[White "Safin, Shukhrat"]
[Black "Nazarov, Anvar"]
[Result "1-0"]
[WhiteElo "2529"]
[BlackElo "2410"]
[EventDate "2001.08.09"]
[PlyCount "77"]

1.e4 c5 2.Nf3 e6 3.c3 d5 4.exd5 exd5 5.d4 Nf6 6.Bb5+ Bd7 7.Qe2+ Be7 8.dxc5
O-O 9.Be3 Re8 10.b4 Ne4 11.O-O Bf6 12.Bxd7 Qxd7 13.Qd3 Nc6 14.Bd4 Bxd4 15.
Nxd4 Ne5 16.Qb5 Qc7 17.f3 Nf6 18.Nd2 a6 19.Qa4 b6 20.N2b3 Nd3 21.cxb6 Qxb6
22.Qc6 Qb8 23.Nf5 Re6 24.Qa4 g6 25.Nfd4 Re8 26.Nc5 Nxc5 27.bxc5 Qf4 28.
Rac1 Re5 29.c6 Rh5 30.g3 Qe3+ 31.Kh1 Qd2 32.h4 Qh6 33.Rc2 Re5 34.c7 Nh5 
35.Kg2 g5 36.Qd7 Qf8 37.Rh1 gxh4 38.Rxh4 Ng7 39.Nc6 1-0

[Event "3rd Asia-ch"]
[Site "Kolkata IND"]
[Date "2001.08.10"]
[Round "2"]
[White "Sandipan, Chanda"]
[Black "Yurtaev, Leonid"]
[Result "0-1"]
[WhiteElo "2427"]
[BlackElo "2543"]
[EventDate "2001.08.09"]
[PlyCount "194"]

1.e4 e5 2.Nf3 Nc6 3.Bb5 a6 4.Ba4 Nf6 5.O-O Be7 6.Re1 b5 7.Bb3 O-O 8.c3 d5 
9.exd5 Nxd5 10.Nxe5 Nxe5 11.Rxe5 c6 12.d4 Bd6 13.Re1 Qh4 14.g3 Qh3 15.Re4 
Bb7 16.Rh4 Qe6 17.Nd2 Rae8 18.Ne4 Be7 19.Nc5 Bxc5 20.dxc5 Qe7 21.Qd4 f5 
22.Bf4 Rf7 23.Bd6 Qe6 24.Qd2 h6 25.c4 bxc4 26.Rxc4 g5 27.f4 Qe2 28.Qxe2 
Rxe2 29.Rc2 Re4 30.fxg5 hxg5 31.Rf2 Bc8 32.Raf1 Be6 33.Bc2 Rb4 34.Re1 Bd7 
35.b3 a5 36.a3 Rb7 37.Re5 g4 38.Kf1 Kg7 39.Ke1 Kg6 40.Kd2 Nf6 41.Rf4 Ne4+ 
42.Kc1 Rf6 43.Re7 Re6 44.Rxe6+ Bxe6 45.Be5 Bd5 46.Bd4 Rh7 47.Bg1 Kf6 48.
Rf1 Ke5 49.Kb2 Rb7 50.Re1 Bxb3 51.Bxb3 a4 52.Re3 Rb5 53.Ka2 axb3+ 54.Rxb3 
Ra5 55.Re3 Kd5 56.Rd3+ Kc4 57.Rd4+ Kc3 58.Be3 Rb5 59.Ka1 Rb3 60.Ra4 Kc2 
61.Bd4 Rd3 62.Bb2 Rd1+ 63.Ka2 Rh1 64.Rc4+ Kd3 65.Rd4+ Ke3 66.Rb4 Rxh2 67.
Rb3+ Kd2 68.Bd4 Kd1+ 69.Rb2 Rh3 70.a4 Rxg3 71.Rb3 Rh3 72.a5 Rh7 73.a6 Ra7 
74.Rb6 f4 75.Rxc6 f3 76.Rb6 f2 77.Bxf2 Nxf2 78.Kb3 Ke2 79.Kc4 g3 80.Rg6 
Kf3 81.Rf6+ Ke3 82.Re6+ Kf4 83.Kb5 Ng4 84.Rd6 Rh7 85.Rd1 Ne3 86.Rg1 Kf3 
87.Kb6 g2 88.a7 Nd5+ 89.Kc6 Nc7 90.Rb1 Na8 91.Rb3+ Kf2 92.Rb2+ Kg3 93.Rb7 
Rh6+ 94.Kd5 g1=Q 95.Rg7+ Kf2 96.Rxg1 Kxg1 97.c6 Nc7+ 0-1

[Event "3rd Asia-ch"]
[Site "Kolkata IND"]
[Date "2001.08.10"]
[Round "2"]
[White "Sasikiran, Krishnan"]
[Black "Isaev, Jamshed"]
[Result "0-1"]
[WhiteElo "2589"]
[BlackElo "2454"]
[EventDate "2001.08.09"]
[PlyCount "79"]

1.d4 Nf6 2.c4 g6 3.Nc3 d5 4.Nf3 Bg7 5.Qb3 dxc4 6.Qxc4 O-O 7.e4 a6 8.e5 b5 
9.Qb3 Nfd7 10.e6 fxe6 11.Be3 Nf6 12.a4 bxa4 13.Rxa4 Nd5 14.h4 Qd6 15.h5 
Nxe3 16.fxe3 Bd7 17.hxg6 Bxa4 18.gxh7+ Kh8 19.Qxa4 Nc6 20.Rh3 e5 21.Ne4 
Qg6 22.Qc2 Nb4 23.Qb1 Qc6 24.Nh4 exd4 25.Nc5 Rf6 26.exd4 e5 27.Rf3 Raf8 
28.dxe5 Rh6 29.Rxf8+ Bxf8 30.Qf5 Qxc5 31.Ng6+ Rxg6 32.Qxg6 Qxe5+ 33.Be2 
Qg7 34.Qf5 Bd6 35.Qe4 Qe5 36.Qc4 Kxh7 37.g4 Nd5 38.Kf2 Qh2+ 39.Ke1 Qg1+ 
40.Kd2 0-1

[Event "3rd Asia-ch"]
[Site "Kolkata IND"]
[Date "2001.08.10"]
[Round "2"]
[White "Torre, Eugenio"]
[Black "Donguines, Fernie"]
[Result "1/2-1/2"]
[WhiteElo "2541"]
[BlackElo "2411"]
[EventDate "2001.08.09"]
[PlyCount "62"]

1.d4 g6 2.e4 Bg7 3.c3 d6 4.Bg5 h6 5.Bh4 Nf6 6.Nd2 Nbd7 7.Ngf3 e5 8.Bd3 O-O
9.O-O Qe8 10.Re1 Nh5 11.Nc4 Nf4 12.Bf1 b6 13.dxe5 dxe5 14.Bg3 Nc5 15.b4 
Nb7 16.Bxf4 exf4 17.e5 Nd8 18.Nd4 Ne6 19.Qf3 Rb8 20.Nxe6 fxe6 21.Bd3 Bb7 
22.Be4 Bxe4 23.Rxe4 g5 24.Rd1 Qg6 25.Red4 g4 26.Qe4 Rf5 27.Rd8+ Rxd8 28.
Rxd8+ Kh7 29.b5 g3 30.Rd7 gxh2+ 31.Kxh2 Rf7 1/2-1/2

[Event "3rd Asia-ch"]
[Site "Kolkata IND"]
[Date "2001.08.10"]
[Round "2"]
[White "Turpanov, Milan"]
[Black "Dzhumaev, Marat"]
[Result "0-1"]
[WhiteElo "2276"]
[BlackElo "2497"]
[EventDate "2001.08.09"]
[PlyCount "148"]

1.d4 f5 2.Nf3 Nf6 3.g3 g6 4.Bg2 Bg7 5.O-O O-O 6.b3 d6 7.Bb2 c6 8.c4 Qe8 9.
Nbd2 h6 10.Qc2 g5 11.e4 fxe4 12.Nxe4 Qg6 13.Nxf6+ Qxf6 14.Rae1 Na6 15.Re3 
Bf5 16.Qe2 Rf7 17.Bc3 Qg6 18.Nd2 h5 19.d5 Bxc3 20.Rxc3 c5 21.a3 Re8 22.Re3
Qh6 23.Bf3 g4 24.Be4 Bd7 25.f4 Nc7 26.Bc2 e6 27.dxe6 Rxe6 28.Ne4 Rfe7 29.
Qd2 Bc6 30.Rfe1 Ne8 31.b4 b6 32.b5 Bxe4 33.Bxe4 Kf8 34.Bc6 Ng7 35.Qd3 Qf6 
36.Rxe6 Rxe6 37.Rxe6 Qxe6 38.Be4 Ne8 39.Kf2 Nf6 40.Bc6 Kg7 41.Qe2 Qf7 42.
Ke1 Kf8 43.Kd2 d5 44.cxd5 Nxd5 45.Qe5 Nf6 46.Kc3 Qe7 47.Kd3 Qd8+ 48.Ke3 
Kf7 49.f5 Qe7 50.Kf4 Qxe5+ 51.Kxe5 Ke7 52.Bg2 Nd7+ 53.Kd5 Kf6 54.Be4 Ne5 
55.a4 c4 56.Kd6 c3 57.Kc7 Nf3 58.Kb7 Nxh2 59.Kxa7 h4 60.a5 c2 61.Bxc2 hxg3
62.Be4 Nf3 63.a6 g2 64.Kb7 g1=Q 65.a7 Qd4 66.Bc6 Qd8 67.Ka6 Kxf5 68.a8=Q 
Qxa8+ 69.Bxa8 Kf4 70.Kxb6 g3 71.Kc7 g2 72.b6 g1=Q 73.b7 Qa7 74.Kc8 Ne5 0-1

[Event "3rd Asia-ch"]
[Site "Kolkata IND"]
[Date "2001.08.10"]
[Round "2"]
[White "Vakhidov, Tahir"]
[Black "Vladimirov, Evgeny"]
[Result "1/2-1/2"]
[WhiteElo "2474"]
[BlackElo "2612"]
[EventDate "2001.08.09"]
[PlyCount "122"]

1.d4 Nf6 2.c4 e6 3.Nc3 Bb4 4.Qc2 d5 5.cxd5 exd5 6.Bg5 h6 7.Bxf6 Qxf6 8.
Qa4+ Nc6 9.e3 O-O 10.Ne2 Bd7 11.Qb3 Rfe8 12.a3 Bxc3+ 13.Qxc3 h5 14.Rd1 h4 
15.h3 Rad8 16.Ng1 Bf5 17.Nf3 Rd6 18.Be2 Qe7 19.O-O a6 20.Kh1 g5 21.Nh2 Nd8
22.Rc1 c6 23.Bd3 Bd7 24.f4 g4 25.hxg4 Re6 26.e4 dxe4 27.f5 Rd6 28.Rce1 Qf6
29.Bxe4 Qxd4 30.Nf3 Qxc3 31.bxc3 f6 32.Nxh4 Nf7 33.Nf3 Nh6 34.c4 b6 35.g5 
fxg5 36.Nxg5 Ng4 37.Kg1 Nf6 38.Bc2 Rxe1 39.Rxe1 Rd4 40.Nf3 Rf4 41.Ne5 c5 
42.Rd1 Rd4 43.Rxd4 cxd4 44.g4 Bc8 45.Kf2 Bb7 46.Kg3 Be4 47.Bxe4 Nxe4+ 48.
Kf4 Nc5 49.Nf3 Nd3+ 50.Ke4 Nf2+ 51.Kf4 Nd3+ 52.Ke4 Nf2+ 53.Kxd4 Nxg4 54.
Nd2 Kf7 55.Ne4 Ke7 56.a4 Kd7 57.Nc3 Nh6 58.Ke5 Kc6 59.Ne4 b5 60.axb5+ axb5
61.c5 b4 1/2-1/2

[Event "3rd Asia-ch"]
[Site "Kolkata IND"]
[Date "2001.08.10"]
[Round "2"]
[White "Villamayor, Buenaventura"]
[Black "Wohl, Aleksandar"]
[Result "1/2-1/2"]
[WhiteElo "2560"]
[BlackElo "2371"]
[EventDate "2001.08.09"]
[PlyCount "79"]

1.d4 e6 2.Nf3 c5 3.g3 Nc6 4.Bg2 cxd4 5.Nxd4 Qb6 6.Nb3 Nf6 7.c4 Bb4+ 8.Bd2 
a5 9.O-O a4 10.Nc1 O-O 11.Nd3 Bxd2 12.Qxd2 Qd4 13.Na3 d5 14.e3 Qb6 15.cxd5
exd5 16.Nf4 Rd8 17.Rfc1 Bf5 18.Qe2 h6 19.Qb5 Qc7 20.Qc5 Ra5 21.Qc3 Ne4 22.
Qe1 Qb6 23.Qe2 Ne5 24.Rd1 g5 25.Nd3 Nxd3 26.Rxd3 Nxf2 27.Rd4 Ne4 28.Rad1 
Rc8 29.g4 Bg6 30.Rxd5 Rxd5 31.Rxd5 Rc1+ 32.Bf1 Nf6 33.Rd4 Qc6 34.Rc4 Rxc4 
35.Nxc4 Qe6 36.h3 b5 37.Nd2 Qxa2 38.Qxb5 a3 39.Nc4 axb2 40.Qxb2 1/2-1/2

[Event "3rd Asia-ch"]
[Site "Kolkata IND"]
[Date "2001.08.10"]
[Round "2"]
[White "Wang Zili"]
[Black "Izmukhambetov, Salauat"]
[Result "1/2-1/2"]
[WhiteElo "2557"]
[BlackElo "2352"]
[EventDate "2001.08.09"]
[PlyCount "116"]

1.e4 Nf6 2.e5 Nd5 3.d4 d6 4.Nf3 Bg4 5.Be2 e6 6.O-O Nb6 7.h3 Bh5 8.c4 Be7 
9.Nc3 O-O 10.exd6 cxd6 11.Be3 d5 12.c5 N6d7 13.b4 a6 14.Ne1 Bxe2 15.Qxe2 
Bf6 16.Qd2 Nc6 17.Rb1 Re8 18.f4 b6 19.Na4 bxc5 20.bxc5 Qa5 21.Qxa5 Nxa5 
22.Nf3 Rab8 23.Ne5 Rxb1 24.Rxb1 Rb8 25.Rc1 Nxe5 26.dxe5 Bd8 27.Nb6 h6 28.
Kf2 Nc6 29.Rd1 Bc7 30.Ke2 Rd8 31.g4 Rb8 32.h4 g6 33.h5 Kg7 34.hxg6 fxg6 
35.Rd2 g5 36.f5 exf5 37.Rxd5 Re8 38.gxf5 Bxe5 39.Kf3 Kf6 40.Nc4 Kxf5 41.
Nd6+ Ke6 42.Rd1 Rb8 43.Nc4 Rb4 44.Nxe5 Nxe5+ 45.Kg3 Ra4 46.Kf2 Ra5 47.Rd6+
Kf5 48.Bd4 Rxa2+ 49.Kf1 Ke4 50.Bxe5 Kxe5 51.Rxh6 a5 52.Rb6 Rc2 53.Rb5 Ra2 
54.c6+ Kd6 55.Rxg5 Kxc6 56.Ke1 Kb6 57.Kd1 Rh2 58.Kc1 Ra2 1/2-1/2

[Event "3rd Asia-ch"]
[Site "Kolkata IND"]
[Date "2001.08.10"]
[Round "2"]
[White "Yu Shaoteng"]
[Black "Rahman, Ziaur"]
[Result "1/2-1/2"]
[WhiteElo "2517"]
[BlackElo "2468"]
[EventDate "2001.08.09"]
[PlyCount "59"]

1.e4 c5 2.Nf3 e6 3.d4 cxd4 4.Nxd4 Nc6 5.Nc3 a6 6.Be2 Qc7 7.O-O Nf6 8.Kh1 
Nxd4 9.Qxd4 Bc5 10.Qd3 b5 11.f4 Bb7 12.Bf3 h5 13.e5 Ng4 14.Bxb7 Qxb7 15.
Ne4 Be7 16.Bd2 Qc6 17.Rac1 Nh6 18.c4 Nf5 19.c5 h4 20.Nd6+ Bxd6 21.cxd6 Qb6
22.Be1 Qe3 23.Qc2 O-O 24.Rf3 Qd4 25.Bf2 Qd5 26.b3 f6 27.Rd3 Qe4 28.Rf3 Qd5
29.Rd3 Qe4 30.Rf3 1/2-1/2

[Event "3rd Asia-ch"]
[Site "Kolkata IND"]
[Date "2001.08.10"]
[Round "2"]
[White "Zagrebelny, Sergei"]
[Black "Sriram, Jha"]
[Result "1/2-1/2"]
[WhiteElo "2466"]
[BlackElo "2399"]
[EventDate "2001.08.09"]
[PlyCount "100"]

1.e4 c5 2.Nf3 e6 3.d4 cxd4 4.Nxd4 Nf6 5.Nc3 Nc6 6.a3 Be7 7.Be2 d5 8.exd5 
Nxd5 9.Nxc6 bxc6 10.Ne4 O-O 11.c4 Nf6 12.Nc3 Qxd1+ 13.Bxd1 c5 14.Bf3 Rb8 
15.Nb5 a6 16.Bf4 e5 17.Bxe5 Rb6 18.Nc7 Bd8 19.O-O-O Ng4 20.Bxg4 Bxg4 21.
Rd2 f6 22.Bg3 Bxc7 23.Bxc7 Rc6 24.Bg3 Re8 25.f3 Be6 26.Re1 Kf7 27.b3 Rb6 
28.Re3 Rc8 29.Kc2 Rbc6 30.Kc3 Rb6 31.h4 Rbc6 32.Bf4 Re8 33.g4 Rec8 34.Red3
Re8 35.Rd6 Rxd6 36.Rxd6 Bc8 37.Rb6 Re7 38.Kd3 Rb7 39.Rxb7+ Bxb7 40.Be3 
Bxf3 41.g5 fxg5 42.hxg5 Kg6 43.a4 Kf5 44.Bxc5 Bd1 45.Kc3 Kxg5 46.a5 Kf5 
47.b4 Be2 48.Kd4 Ke6 49.Bf8 g5 50.Kc5 Kd7 1/2-1/2

[Event "3rd Asia-ch"]
[Site "Kolkata IND"]
[Date "2001.08.10"]
[Round "2"]
[White "Zhang Pengxiang"]
[Black "Nadera, Barlo"]
[Result "1/2-1/2"]
[WhiteElo "2487"]
[BlackElo "2421"]
[EventDate "2001.08.09"]
[PlyCount "135"]

1.e4 e6 2.d4 d5 3.Nc3 Bb4 4.e5 Qd7 5.a3 Bf8 6.Nf3 b6 7.Bb5 c6 8.Ba4 Ba6 9.
Ne2 Bb5 10.Bb3 a5 11.c3 c5 12.a4 Ba6 13.O-O Ne7 14.Re1 Nbc6 15.Bc2 h6 16.
h4 g6 17.Nf4 Rc8 18.dxc5 bxc5 19.Be3 Qa7 20.Qd2 Bg7 21.Bd3 Bxd3 22.Nxd3 d4
23.cxd4 cxd4 24.Bf4 Nd5 25.Rac1 h5 26.Re4 Nxf4 27.Qxf4 Bh6 28.Ng5 O-O 29.
g4 hxg4 30.Qxg4 Qe7 31.Rce1 Rb8 32.Nf3 Nb4 33.Nxb4 Rxb4 34.Rxd4 Rxd4 35.
Qxd4 Rb8 36.Re4 Qb7 37.Nh2 Bg7 38.Ng4 Qxb2 39.Kg2 Qc1 40.Qe3 Qc6 41.Kg3 
Rb1 42.f3 Rb2 43.Rd4 Qc7 44.Qg5 Rb8 45.h5 f5 46.Nf6+ Kh8 47.Nd7 Qc3 48.Qd2
Qa1 49.Nxb8 Qg1+ 50.Kh3 Qh1+ 51.Kg3 Bxe5+ 52.Rf4 Qg1+ 53.Kh3 Qg5 54.Nc6 
Bxf4 55.Qd8+ Qxd8 56.Nxd8 e5 57.hxg6 Kg7 58.Nc6 Kxg6 59.Nxa5 Kf6 60.Nc4 
Ke6 61.a5 e4 62.a6 Bb8 63.f4 Kd5 64.Ne5 Ba7 65.Kg3 Kc5 66.Nf7 Kb6 67.Nd6 
Bb8 68.Nxf5 1/2-1/2

[Event "3rd Asia-ch"]
[Site "Kolkata IND"]
[Date "2001.08.11"]
[Round "3"]
[White "Utut Adianto"]
[Black "Nolte, Rolando"]
[Result "1-0"]
[WhiteElo "2598"]
[BlackElo "2324"]
[EventDate "2001.08.09"]
[PlyCount "109"]

1.d4 Nf6 2.c4 g6 3.Nc3 d5 4.Nf3 Bg7 5.Bf4 O-O 6.e3 c5 7.dxc5 Qa5 8.Rc1 
dxc4 9.Bxc4 Qxc5 10.Bb3 Nc6 11.O-O Qa5 12.h3 Bf5 13.Qe2 Ne4 14.Nd5 e5 15.
Rxc6 bxc6 16.Ne7+ Kh8 17.Nxc6 Qb6 18.Ncxe5 Be6 19.Bxe6 Qxe6 20.Qc2 f5 21.
Qa4 Nd2 22.Rd1 Nxf3+ 23.Nxf3 Bxb2 24.Ng5 Qg8 25.Rd7 Bg7 26.Qa5 h6 27.Rxg7 
Qxg7 28.Be5 hxg5 29.Bxg7+ Kxg7 30.Qe5+ Kh6 31.Kh2 Rf7 32.Kg3 Raf8 33.Qc5 
f4+ 34.Kg4 Rf5 35.Qxa7 fxe3 36.fxe3 Re5 37.a4 Re4+ 38.Kg3 Rfe8 39.Kf3 R4e7
40.Qd4 Rf8+ 41.Ke2 Ra8 42.h4 g4 43.Qxg4 Rea7 44.Qg5+ Kh7 45.g4 Rxa4 46.
Qe7+ Kg8 47.Qe6+ Kg7 48.Qd7+ Kg8 49.g5 R4a7 50.Qe6+ Kh7 51.Kf3 Rf8+ 52.Kg4
Ra4+ 53.Kg3 Ra1 54.h5 gxh5 55.g6+ 1-0

[Event "3rd Asia-ch"]
[Site "Kolkata IND"]
[Date "2001.08.11"]
[Round "3"]
[White "Al-Modiahki, Mohamad"]
[Black "Hossain, Enamul"]
[Result "1-0"]
[WhiteElo "2492"]
[BlackElo "2353"]
[EventDate "2001.08.09"]
[PlyCount "47"]

1.e4 c5 2.Nf3 Nc6 3.Nc3 e6 4.d4 cxd4 5.Nxd4 Nf6 6.Be2 Bb4 7.O-O Bxc3 8.
bxc3 Nxe4 9.Bd3 Nxd4 10.cxd4 d5 11.Ba3 Bd7 12.Qe1 Bc6 13.f3 Nf6 14.Qg3 Rg8
15.Rab1 Qd7 16.Rb3 O-O-O 17.Rfb1 Qc7 18.Qe1 Kb8 19.Bc5 Nd7 20.Be7 Rde8 21.
Qb4 Rxe7 22.Qxe7 Nf6 23.Qb4 Ka8 24.Rc3 1-0

[Event "3rd Asia-ch"]
[Site "Kolkata IND"]
[Date "2001.08.11"]
[Round "3"]
[White "Bin Sattar, Reefat"]
[Black "Yu Shaoteng"]
[Result "1-0"]
[WhiteElo "2444"]
[BlackElo "2517"]
[EventDate "2001.08.09"]
[PlyCount "61"]

1.e4 e6 2.d4 d5 3.e5 c5 4.c3 Nc6 5.Nf3 Nge7 6.a3 cxd4 7.cxd4 Nf5 8.Nc3 Bd7
9.h4 h5 10.Bg5 Be7 11.Bxe7 Ncxe7 12.Qd2 Qb6 13.Be2 O-O-O 14.O-O Kb8 15.b4 
Rc8 16.Rac1 Ng6 17.g3 f6 18.Bd3 Nxd4 19.Nxd4 Qxd4 20.Ne2 Qxe5 21.Rxc8+ 
Bxc8 22.Bxg6 Qd6 23.Rd1 Bd7 24.Nf4 Bc6 25.Qe2 Rh6 26.Bf7 Ba4 27.Rd2 Qc7 
28.Bxe6 g5 29.Nxd5 Qc1+ 30.Kh2 gxh4 31.Qe3 1-0

[Event "3rd Asia-ch"]
[Site "Kolkata IND"]
[Date "2001.08.11"]
[Round "3"]
[White "Donguines, Fernie"]
[Black "Antonio, Rogelio jr"]
[Result "1/2-1/2"]
[WhiteElo "2411"]
[BlackElo "2535"]
[EventDate "2001.08.09"]
[PlyCount "72"]

1.Nf3 Nf6 2.c4 g6 3.Nc3 Bg7 4.e4 d6 5.d4 c5 6.Be2 O-O 7.O-O Nc6 8.d5 Na5 
9.Bf4 Bg4 10.b3 Nh5 11.Bd2 e5 12.Ne1 Bxe2 13.Qxe2 a6 14.g3 Kh8 15.Rb1 b6 
16.Ng2 Qd7 17.a4 Nb7 18.Rfe1 Rfe8 19.Qd1 Qh3 20.b4 Nf6 21.f3 cxb4 22.Rxb4 
Nd7 23.Qc2 f5 24.Nd1 f4 25.Nf2 Qh5 26.g4 Qg5 27.Nd3 Qd8 28.Reb1 a5 29.Rb5 
Qc7 30.Bxf4 Rec8 31.Rc1 exf4 32.Qf2 Rd8 33.Nge1 h5 34.h3 hxg4 35.hxg4 Kg8 
36.Qb2 Kf7 1/2-1/2

[Event "3rd Asia-ch"]
[Site "Kolkata IND"]
[Date "2001.08.11"]
[Round "3"]
[White "Dzhumaev, Marat"]
[Black "Peires, T. D. R."]
[Result "1-0"]
[WhiteElo "2497"]
[BlackElo "2151"]
[EventDate "2001.08.09"]
[PlyCount "97"]

1.e4 e5 2.Nf3 Nc6 3.Nc3 Nf6 4.g3 d5 5.exd5 Nxd5 6.Bg2 Be6 7.O-O Nxc3 8.
bxc3 Be7 9.Qe2 Qd6 10.Re1 f6 11.d4 Bg4 12.Qb5 O-O 13.Qxb7 Rab8 14.Qa6 Rb6 
15.Qd3 Kh8 16.Be3 Rb2 17.Nd2 Rbb8 18.Qc4 Na5 19.Qa4 Qa3 20.Qxa3 Bxa3 21.
dxe5 fxe5 22.Bxa7 Rb2 23.Rxe5 Rxc2 24.Rxa5 Bb2 25.Re1 Rxd2 26.Bd4 Rxd4 27.
cxd4 Bxd4 28.Rc1 Bxf2+ 29.Kh1 Bb6 30.Ra8 Rxa8 31.Bxa8 Be6 32.Re1 Bf7 33.
Re5 g6 34.a4 c5 35.Re7 Kg8 36.Be4 c4 37.Rb7 Bd4 38.a5 c3 39.a6 c2 40.Rc7 
Bb3 41.h4 Kf8 42.Bxc2 Bd5+ 43.Kh2 Bf3 44.a7 h6 45.a8=Q+ Bxa8 46.Rc8+ Ke7 
47.Rxa8 g5 48.hxg5 hxg5 49.Ra6 1-0

[Event "3rd Asia-ch"]
[Site "Kolkata IND"]
[Date "2001.08.11"]
[Round "3"]
[White "Ghorbani, Mohsen"]
[Black "Turpanov, Milan"]
[Result "0-1"]
[WhiteElo "2334"]
[BlackElo "2276"]
[EventDate "2001.08.09"]
[PlyCount "78"]

1.d4 d5 2.Nf3 c6 3.c4 Nf6 4.Qc2 dxc4 5.Qxc4 Bf5 6.g3 e6 7.Bg2 Nbd7 8.O-O 
Be7 9.Nc3 O-O 10.a3 Ne4 11.Rd1 a5 12.Be3 Nb6 13.Qa2 Nd5 14.Bd2 Qb6 15.Be1 
Bf6 16.Rac1 Rfd8 17.Na4 Qa7 18.e3 Rac8 19.Nc5 b6 20.Nd3 c5 21.dxc5 Nxc5 
22.Nxc5 bxc5 23.Rc4 Nb6 24.Rxd8+ Bxd8 25.Rc1 Bf6 26.Bc3 Bxc3 27.Rxc3 Be4 
28.Qb3 Qa6 29.Bf1 c4 30.Nd2 cxb3 31.Bxa6 Rxc3 32.bxc3 b2 33.c4 b1=Q+ 34.
Nxb1 Bxb1 35.c5 Nd5 36.Kf1 Nc7 37.Be2 Be4 38.Ke1 Kf8 39.Kd2 Ke7 0-1

[Event "3rd Asia-ch"]
[Site "Kolkata IND"]
[Date "2001.08.11"]
[Round "3"]
[White "Hakki, Imad"]
[Black "Torre, Eugenio"]
[Result "0-1"]
[WhiteElo "2428"]
[BlackElo "2541"]
[EventDate "2001.08.09"]
[PlyCount "60"]

1.e4 e5 2.Nf3 Nc6 3.Bb5 Nf6 4.O-O Bc5 5.Nxe5 Nxe5 6.d4 a6 7.Ba4 Nxe4 8.Qe2
Be7 9.Qxe4 Ng6 10.f4 O-O 11.f5 d5 12.Qd3 Nh4 13.g3 c5 14.gxh4 b5 15.Nc3 
bxa4 16.Bg5 Bxg5 17.hxg5 Qxg5+ 18.Qg3 Qf6 19.dxc5 Bb7 20.Rad1 d4 21.Ne2 
Rad8 22.Rf4 Qc6 23.f6 g6 24.Rdxd4 Qxc5 25.Qc3 Qg5+ 26.Qg3 Qb5 27.Kf2 Rfe8 
28.Qd3 Rxd4 29.Nxd4 Qd5 30.Qd2 g5 0-1

[Event "3rd Asia-ch"]
[Site "Kolkata IND"]
[Date "2001.08.11"]
[Round "3"]
[White "Harikrishna, Pentala"]
[Black "Mallahi, Amir"]
[Result "1-0"]
[WhiteElo "2522"]
[BlackElo "2416"]
[EventDate "2001.08.09"]
[PlyCount "80"]

1.e4 c5 2.Nf3 Nc6 3.Nc3 e5 4.Bc4 Be7 5.d3 Nf6 6.g4 d6 7.h3 Be6 8.g5 Nd7 9.
Be3 Nd4 10.Bxe6 fxe6 11.Nh2 O-O 12.Qd2 b5 13.h4 b4 14.Ne2 a5 15.c3 Nf3+ 
16.Nxf3 Rxf3 17.Ng1 Rf7 18.c4 Nf8 19.Qe2 Ng6 20.Qg4 Qd7 21.Nh3 Raf8 22.
O-O-O Nf4 23.Bxf4 exf4 24.g6 Rf6 25.gxh7+ Kh8 26.Rdg1 Bd8 27.h5 Kxh7 28.
Rg2 Kh8 29.Rhg1 R8f7 30.Ng5 Re7 31.Nf3 e5 32.Nh4 Qxg4 33.Rxg4 Rd7 34.Nf5 
Rff7 35.Rg6 Bf6 36.h6 Kh7 37.hxg7 Bxg7 38.R6g4 Rxf5 39.exf5 Rf7 40.Rg6 f3 
1-0